|
|
|
|
| LEADER |
00000nam a2200000 a 4500 |
| 001 |
vtls001391535 |
| 003 |
SK-MaSNL |
| 005 |
20260302015709.0 |
| 008 |
240315s1975 xx 0 und |
| 035 |
|
|
|a SNK000345814
|
| 040 |
|
|
|a SNK
|b slo
|c SNK
|e AACR2
|
| 100 |
1 |
|
|a Morenz, Siegfried
|4 aut
|9 537191
|
| 245 |
1 |
|
|a Religion und Geschichte des alten Ägypten
|
| 260 |
|
|
|a Weimar
|b Hermann Böhlaus Nachfolger
|c 1975
|
| 300 |
|
|
|a 652 s.
|
| 958 |
|
|
|a OND
|
| 999 |
|
|
|c 1022265
|d 1024195
|
| 952 |
|
|
|t P60, <04>, [BOOK], {604}
|a SNK
|b SNK
|y VYP
|7 0
|p 17A0243476
|o snkIC 63975
|0 0
|1 0
|4 0
|d 2000-06-27
|l 0
|r 2005-01-02 00:00:00
|w 2026-02-24
|